Dohoda o spolupráci a vzájomných partnerských vzťahoch

Bibliographic Details
Main Author: (les) (Author)
Format: Article
Language:Slovak
Subjects:

MARC

LEADER 00000nab a2200000 a 4500
001 vtls000572611
003 SK-MaSNL
005 20260303171959.0
008 150501c1996 xo 0 slo
015 |a SNBRB19rr/mm-uuuuu 
035 |a CL0572749 
040 |a SNKBUCL  |b slo  |c SNKBUCL  |e AACR2 
041 0 |a slo 
044 |a xo  |c SK 
080 |a 331.881(437.6):371.1:354.32(437.6)  |2 1981 
080 |a 354.32(437.6)  |2 1981 
080 |a 371.1:331.881(437.6)  |2 1981 
100 1 |a (les)  |4 aut  |9 883231 
245 1 0 |a Dohoda o spolupráci a vzájomných partnerských vzťahoch  |c (les) 
610 1 7 |a Slovensko.  |b Ministerstvo školstva  |2 snkbucl 
650 0 7 |a Odborový zväz pracovníkov školstva a vedy na Slovensku  |2 snkbucl  |9 894134 
655 7 |a články z novín a časopisov  |2 snkbucl  |9 267496 
773 0 |t Rodina a škola  |g Roč. 43, č. 1 (1996), s. 2 
850 |a Slovenská národná knižnica v Martine  |a MTA001 
852 |a SNK  |b KIS3GCP 
958 |a RK 
958 |a SK 
992 |a RBX 
999 |c 2084321  |d 2086251